| 000 | 00418nam a2200181Ia 4500 | ||
|---|---|---|---|
| 008 | 210210b1955 xxu||||| |||| 00| 0 eng d | ||
| 041 | _aeng | ||
| 082 | _a825/665 | ||
| 100 | _aPRESS (John) | ||
| 245 | _aFire and the fountain | ||
| 260 |
_aLondon _bOxford University Press _c1955 |
||
| 650 | _athe | ||
| 650 | _afountain | ||
| 650 | _aFire | ||
| 650 | _aand | ||
| 690 | _aEnglish Criticism | ||
| 906 | _a014981 | ||
| 999 |
_c134211 _d134211 |
||